Random Differential Equations in Science and Engineering

Αποθηκεύτηκε σε:
Λεπτομέρειες βιβλιογραφικής εγγραφής
Κύριος συγγραφέας: Soong, T. T.
Μορφή: Βιβλίο
Γλώσσα:English
Δημοσίευση: New York : Academic Press, 1973
Σειρά:Mathematics in science and engineering ; ; 103
Θέματα:
Ετικέτες: Προσθήκη ετικέτας
Δεν υπάρχουν, Καταχωρήστε ετικέτα πρώτοι!

MARC

LEADER 00000nam a2200000 i 4500
001 1/61951
008 941103s1973 eng d
020 |a 0-12-654850-1 
035 |a 1993  |c ΚΑΝΔΥΛΑΚΗΣ  |l 10046526 
040 |a GR-MY-UA  |b gre  |e aacr 
041 0 |a eng 
082 0 |a 515.35 
100 1 |a Soong, T. T. 
245 1 0 |a Random Differential Equations in Science and Engineering /  |c T.T. Soong 
260 |a New York :   |b Academic Press,   |c 1973 
300 |a 327 p.;  |c 24 cm. 
490 1 |a Mathematics in science and engineering  |v ; 103 
500 |a Includes bibliographical references and indexes 
650 0 0 |a Differential equations. 
650 0 0 |a Stochastic analysis. 
830 0 |a Mathematics in science and engineering ;  |v ; 103 
852 |a INST  |b SAMOS  |e 19941103  |h 515.35 SOO  |p 005300009765  |q 005300009765  |t BK  |y 0 
909 |a Σ  |b 025698